000 00409 a2200109 4500
001 ART_37205
005 20260410161646.0
008 260409a
245 1 0 _aLa prescripción liberatoria de las obligaciones tributarias locales a partir del Código Civil y Comercial de la Nación
100 1 _aCaranta, Martín R.
773 0 _tConsultor tributario
_g- Año 9, Nº 109 (mar. 2016)
_wREV474
999 _c13786
_d13786